000 00423nam a2200133Ia 4500
003 GCL
008 140319s9999 xx 000 0 ara d
040 _aGCL /
_cGCL
082 0 4 _a341.48
_bس م
100 1 _aساسى سالم الحاج
245 1 0 _aالمفاهيم القانونية لحقوق الانسان عبر الزمان والمكان /
_cساسى سالم الحاج
300 _a711
490 _a100 قصة
_v0
999 _c43374
_d43374